| 000 | 02660nam a2200361 4500 | ||
|---|---|---|---|
| 003 | DO-SdBNP | ||
| 005 | 20260309134441.0 | ||
| 007 | ta | ||
| 008 | 260216b2025 dr ||||| |||| 00| 0 spa d | ||
| 020 | _a9789945510959 | ||
| 040 |
_aDO-SdBNP _bspa _cBNPHU _erda |
||
| 041 | _aspa | ||
| 082 | 4 |
_aRD863.44 _bC352pe _222 |
|
| 100 | 1 |
_aCastillo, Efraím, _d1940- _eautor _928022 _4aut. |
|
| 245 | 1 | 3 |
_aEl personero / _cEfraím Castillo ; coordinación editorial, Clara Dobarro ; edición, María del Carmen Vicente, Manuel Ángel Suárez y Andrés Blanco. |
| 264 | 4 |
_aSanto Domingo, República Dominicana : _bMinisterio de Cultura; Editora Nacional, _c©2025. |
|
| 300 |
_a349 páginas ; _c23 cm. |
||
| 336 |
_atexto _btxt _2rdacontent |
||
| 337 |
_asin mediación _bn _2rdamedia |
||
| 338 |
_avolumen _bnc _2rdacarrier |
||
| 500 | _aIncluye datos biográficos del autor en las solapas | ||
| 505 | _aPresentación, 9.-- Capítulo I. El gordo y el flaco, 13.-- Capítulo II. Monegal, 21.-- La viuda, 27.-- El trepador, 33.-- Capítulo III. El gordo y el flaco, 41.-- Monegal, 47.-- Capítulo IV. El gordo y el flaco,53-- Monegal, 60.-- El trepador, 69.-- La viuda, 75.-- Capítulo V. El gordo y el flaco, 87-- Monegal, 94.-- El trepador, 103.-- La viuda, 108.-- Capítulo VI. El gordo y el flaco, 115.-- Monegal, 126.-- La viuda, 131.-- El trepador, 146.--Capítulo VII. El gordo y el flaco, 149.-- Monegal, 154.-- La viuda, 158.-- El trepador, 162.-- Capítulo VIII. El gordo y el flaco, 173.-- Capítulo IX. Monegal, 193.-- La viuda, 198.-- La muchacha, 205.-- El trepador, 211. Capítulo X. El gordo y el flaco, 219.-- La viuda, 222.-- El trepador y la muchacha, 228.-- La muchacha, 236.-- Capítulo XI. El trepador, 245.-- La viuda, 253.-- Monegal y la muchacha, 255.-- Capítulo XII. El gordo y el flaco, 261.-- Monegal, 264.-- La viuda, 274.-- El trepador, 276.-- Capítulo XIII. El gordo y el flaco, 291.-- La viuda, 292.-- Monegalito, 298.-- La muchacha, 305.-- El trepador, 315.-- Capítulo XIV. J. Antonio, 323.-- La muchacha, 328.-- El trepador, 332.-- El gordo y el flaco, 334.-- El trepador, 335.-- El gordo y el flaco, 338.-- Epílogo, 343. -- Monegal, 343 | ||
| 590 | _aInventariado, 2026 /LP | ||
| 650 | 4 |
_aNovela histórica dominicana _9860 |
|
| 650 | 4 |
_aLiteratura dominicana _2LEMB |
|
| 651 | 4 |
_aRepública Dominicana _xHistoria _yEra de Trujillo 1930-1961 _vNovela _989171 |
|
| 700 | 1 |
_aDobarro, Clara, _ecoordinador _4co. _934619 |
|
| 700 | 1 |
_aVicente, María del Carmen, _eeditor _4ed. |
|
| 700 | 1 |
_aBlanco, Andrés, _eeditor _4rd. _976085 |
|
| 700 | 1 |
_aSuárez, Manuel Ángel _eeditor _4ed. _974910 |
|
| 910 | _aLP | ||
| 942 |
_2ddc _cLBS1 |
||
| 999 |
_c60332 _d60332 |
||